'S' Game Quiz Stats

 Plays Quiz Updated Nov 3, 2018

Also try: 'R' Game
Challenge
Share
Tweet
Embed
Score 0/50 Timer 10:00
1 Play Today
% Correct
Sleepy
87.8%
Sweden
85.9%
Spain
84.8%
Switzerland
82.8%
Slovakia
73.5%
Sneezy
72.2%
Slovenia
70%
Sagittarius
64.3%
Sacramento, California
63.4%
Serbia
62.7%
Scorpio
60.9%
Sodium
55%
San Marino
54%
Sydney
48.4%
Saints
48.4%
Sulfur
48.1%
Seahawks
47.4%
Spurs
47%
Silver
46.7%
Salt Lake City, Utah
44.6%
Salem, Oregon
43.3%
Silicon
42.6%
Steelers
41%
Suns
39.7%
Springfield, Illinois
39.2%
% Correct
Seoul
39.1%
Selenium
38.8%
Santa Fe, New Mexico
37.3%
Saint Paul, Minnesota
37.1%
Southampton
31.8%
Sunderland
31.6%
Stockholm
31.5%
St. Louis
30.8%
Swansea City
28.7%
Strontium
27.5%
Stoke City
24.2%
Scandium
22.8%
Sheffield United
22.7%
Sheffield Wednesday
22.2%
Swindon Town
21.8%
Spotlight
21.6%
The Sound of Music
21.3%
The Silence of the Lambs
20.1%
Schindler's List
19.2%
The Shape of Water
18.2%
Slumdog Millionaire
17.7%
Seaborgium
16.9%
The Sting
16.4%
Samarium
16%
Shakespeare in Love
14.2%

You're not logged in!

Compare scores with friends on all Sporcle quizzes.
OR
Log In

You Might Also Like...

Show Comments

Extras

Top Quizzes Today


Score Distribution

Your Account Isn't Verified!

In order to create a playlist on Sporcle, you need to verify the email address you used during registration. Go to your Sporcle Settings to finish the process.

Report this User

Report this user for behavior that violates our Community Guidelines.

Details: